00576 2200205 4500001002100000008004100021035002000062245011100082100001600193250001700209260003100226300002100257020002200278084001400300082000800314650002100322990000900343990000900352990000900361INLIS000000000002799 ind  a0010-0925000031 aBupena Merdeka Ilmu Pengetahuan Sosial untuk SMP/MTs Kelas VIIIbBerdasarkan Kurikulum MerdekacN. Suparno aSuparno, N. aCetakan 2024 aJakarta :bErlangga,c2024 a150 hlm.c26 cm. a978-623-180-287-3 a300 SUP b a300 aLatihan Soal IPS a7210 a7211 a7242